000 00486nam a2200229Ia 4500
003 IT-RoPAU
008 120407s9999 xx 000 0 und d
040 _aIT-RoPAU
040 _cIT-RoPAU
041 _aita
100 _aMichael Jungo
245 _aCom’è fatta la moglie di un Santo
250 _aBari
260 _aEdizioni Paoline
260 _c1956
300 _a145 p.
300 _c17 cm
490 _aGens sancta
490 _v20
942 _cBK
999 _c25818
_d25818